MARC details
| 000 -LEADER |
| fixed length control field |
01655cam a2200397 4500 |
| 008 - FIXED-LENGTH DATA ELEMENTS--GENERAL INFORMATION |
| fixed length control field |
040112n2003 000 0 eng u |
| 020 ## - INTERNATIONAL STANDARD BOOK NUMBER |
| International Standard Book Number |
0582473446 |
| 035 ## - SYSTEM CONTROL NUMBER |
| System control number |
(Sirsi) u124824 |
| 041 ## - LANGUAGE CODE |
| Language code of text/sound track or separate title |
eng |
| 050 ## - LIBRARY OF CONGRESS CALL NUMBER |
| Classification number |
346.41043 |
| -- |
18 |
| 100 ## - MAIN ENTRY--PERSONAL NAME |
| Personal name |
Chappelle, Diane |
| 245 ## - TITLE STATEMENT |
| Title |
Land law |
| 250 ## - EDITION STATEMENT |
| Edition statement |
6th ed. |
| 260 ## - PUBLICATION, DISTRIBUTION, ETC. |
| Place of publication, distribution, etc. |
Harlow |
| Name of publisher, distributor, etc. |
Longman |
| Date of publication, distribution, etc. |
2003 |
| 300 ## - PHYSICAL DESCRIPTION |
| Extent |
xxxvi, 508p. |
| Dimensions |
25cm. |
| 350 ## - PRICE (NR) (BK AM CF MU VM SE) [OBSOLETE] |
| Price |
15 |
| 490 ## - SERIES STATEMENT |
| Series statement |
Longman Foundation Studies in Law Series |
| 520 ## - SUMMARY, ETC. |
| Summary, etc. |
Provides a clear introduction into the main principles of land law. The first section provides an introduction to land law, including the acquisition and protection of land interests. The second section examines the legal estates including: strict settlements; trusts of land; and commonhold. The third looks at interests in land, mortgages, easements, profits, rentcharges, restrictive covenants and estate contracts. Glossary. |
| 650 ## - SUBJECT ADDED ENTRY--TOPICAL TERM |
| Topical term or geographic name entry element |
LAND REGISTRATION ACT 2002 |
| 650 ## - SUBJECT ADDED ENTRY--TOPICAL TERM |
| Topical term or geographic name entry element |
COMMONHOLD AND LEASEHOLD REFORM ACT 2002 |
| 650 ## - SUBJECT ADDED ENTRY--TOPICAL TERM |
| Topical term or geographic name entry element |
YAXLEY V GOTTS |
| 650 ## - SUBJECT ADDED ENTRY--TOPICAL TERM |
| Topical term or geographic name entry element |
SHAH V SHAH AND ANOTHER |
| 650 ## - SUBJECT ADDED ENTRY--TOPICAL TERM |
| Topical term or geographic name entry element |
LAMBETH LBC V BLACKBURN |
| 650 ## - SUBJECT ADDED ENTRY--TOPICAL TERM |
| Topical term or geographic name entry element |
TRUSTS OF LAND AND APPOINTMENT OF TRUSTES ACT 1996 |
| 650 ## - SUBJECT ADDED ENTRY--TOPICAL TERM |
| Topical term or geographic name entry element |
MORTGAGE CORPORATION V SHAIRE AND OTHERS |
| 650 ## - SUBJECT ADDED ENTRY--TOPICAL TERM |
| Topical term or geographic name entry element |
BANK OF IRELAND HOME MORTGAGES LTD V BELL AND ANOTHER |
| 650 ## - SUBJECT ADDED ENTRY--TOPICAL TERM |
| Topical term or geographic name entry element |
HOUSING ACT 1988 |
| 650 ## - SUBJECT ADDED ENTRY--TOPICAL TERM |
| Topical term or geographic name entry element |
URATEMP VENTURES LTD V COLLINS AND CARRELL |
| 650 ## - SUBJECT ADDED ENTRY--TOPICAL TERM |
| Topical term or geographic name entry element |
ROYAL BANK OF SCOTLAND V ETRIDGE |
| 650 ## - SUBJECT ADDED ENTRY--TOPICAL TERM |
| Topical term or geographic name entry element |
EASEMENTS |
| 650 ## - SUBJECT ADDED ENTRY--TOPICAL TERM |
| Topical term or geographic name entry element |
ATTWOOD AND OTHERS V BOVIS HOMES LTD |
| 650 ## - SUBJECT ADDED ENTRY--TOPICAL TERM |
| Topical term or geographic name entry element |
GOODMAN'S ADMINISTRATOR V CARLTON |
| 650 ## - SUBJECT ADDED ENTRY--TOPICAL TERM |
| Topical term or geographic name entry element |
JONES V PRICE AND MORGAN |
| 690 ## - LOCAL SUBJECT ADDED ENTRY--TOPICAL TERM (OCLC, RLIN) |
| Topical term or geographic name as entry element |
PROPERTY |
| 942 ## - ADDED ENTRY ELEMENTS (KOHA) |
| Suppress in OPAC |
0 |